<?xml version="1.0" encoding="UTF-8"?>
<collection xmlns="http://www.loc.gov/MARC21/slim">
 <record>
  <leader>02678nam a22003257a 4500</leader>
  <controlfield tag="001">NCT_143827</controlfield>
  <controlfield tag="008">230106b        xxu||||| |||| 00| 0 vie d</controlfield>
  <datafield tag="999" ind1=" " ind2=" ">
   <subfield code="c">7406</subfield>
   <subfield code="d">7406</subfield>
  </datafield>
  <datafield tag="020" ind1=" " ind2=" ">
   <subfield code="a">9786048012311</subfield>
   <subfield code="c">79000</subfield>
  </datafield>
  <datafield tag="082" ind1="0" ind2="4">
   <subfield code="2">23rd ed.</subfield>
   <subfield code="a">658.4</subfield>
   <subfield code="b">Ph513</subfield>
  </datafield>
  <datafield tag="100" ind1="1" ind2=" ">
   <subfield code="a">Lê Văn Phùng</subfield>
   <subfield code="e">(Chủ biên)</subfield>
  </datafield>
  <datafield tag="245" ind1="1" ind2="0">
   <subfield code="a">Quản lý dự án công nghệ thông tin</subfield>
   <subfield code="c">Lê Văn Phùng (Chủ biên), Trần Nguyên Hương, Lê Hương Giang</subfield>
  </datafield>
  <datafield tag="260" ind1=" " ind2=" ">
   <subfield code="a">H.</subfield>
   <subfield code="b">Thông tin và Truyền thông</subfield>
   <subfield code="c">2015</subfield>
  </datafield>
  <datafield tag="300" ind1=" " ind2=" ">
   <subfield code="a">251tr.</subfield>
   <subfield code="b">Hình vẽ, bảng</subfield>
   <subfield code="c">24cm</subfield>
  </datafield>
  <datafield tag="520" ind1="3" ind2=" ">
   <subfield code="a">Trình bày kiến thức về dự án và quản lý dự án; lập kế hoạch dự án công nghệ thông tin; các phương tiện phục vụ quản lý dự án; tổ chức triển khai, giám sát và điều chỉnh kế hoạch dự án; quản lý các hoạt động kết thúc dự án</subfield>
  </datafield>
  <datafield tag="653" ind1=" " ind2=" ">
   <subfield code="a">Công nghệ thông tin</subfield>
  </datafield>
  <datafield tag="700" ind1="1" ind2=" ">
   <subfield code="a">Trần Nguyên Hương</subfield>
  </datafield>
  <datafield tag="700" ind1="1" ind2=" ">
   <subfield code="a">Lê Hương Giang</subfield>
  </datafield>
  <datafield tag="942" ind1=" " ind2=" ">
   <subfield code="2">ddc</subfield>
   <subfield code="c">BK</subfield>
  </datafield>
  <datafield tag="952" ind1=" " ind2=" ">
   <subfield code="0">0</subfield>
   <subfield code="1">0</subfield>
   <subfield code="2">ddc</subfield>
   <subfield code="4">0</subfield>
   <subfield code="6">658_400000000000000_PH513</subfield>
   <subfield code="7">0</subfield>
   <subfield code="9">26602</subfield>
   <subfield code="a">000001</subfield>
   <subfield code="b">000001</subfield>
   <subfield code="d">2023-01-06</subfield>
   <subfield code="o">658.4 Ph513</subfield>
   <subfield code="p">MD.21009</subfield>
   <subfield code="r">2023-01-06</subfield>
   <subfield code="v">79000.00</subfield>
   <subfield code="w">2023-01-06</subfield>
   <subfield code="y">BK</subfield>
  </datafield>
  <datafield tag="952" ind1=" " ind2=" ">
   <subfield code="0">0</subfield>
   <subfield code="1">0</subfield>
   <subfield code="2">ddc</subfield>
   <subfield code="4">0</subfield>
   <subfield code="6">658_400000000000000_PH513</subfield>
   <subfield code="7">0</subfield>
   <subfield code="9">26603</subfield>
   <subfield code="a">000001</subfield>
   <subfield code="b">000001</subfield>
   <subfield code="d">2023-01-06</subfield>
   <subfield code="o">658.4 Ph513</subfield>
   <subfield code="p">MD.21010</subfield>
   <subfield code="r">2023-01-06</subfield>
   <subfield code="v">79000.00</subfield>
   <subfield code="w">2023-01-06</subfield>
   <subfield code="y">BK</subfield>
  </datafield>
  <datafield tag="952" ind1=" " ind2=" ">
   <subfield code="0">0</subfield>
   <subfield code="1">0</subfield>
   <subfield code="2">ddc</subfield>
   <subfield code="4">0</subfield>
   <subfield code="6">658_400000000000000_PH513</subfield>
   <subfield code="7">0</subfield>
   <subfield code="9">26604</subfield>
   <subfield code="a">000001</subfield>
   <subfield code="b">000001</subfield>
   <subfield code="d">2023-01-06</subfield>
   <subfield code="o">658.4 Ph513</subfield>
   <subfield code="p">MD.21011</subfield>
   <subfield code="r">2023-01-06</subfield>
   <subfield code="v">79000.00</subfield>
   <subfield code="w">2023-01-06</subfield>
   <subfield code="y">BK</subfield>
  </datafield>
  <datafield tag="952" ind1=" " ind2=" ">
   <subfield code="0">0</subfield>
   <subfield code="1">0</subfield>
   <subfield code="2">ddc</subfield>
   <subfield code="4">0</subfield>
   <subfield code="6">658_400000000000000_PH513</subfield>
   <subfield code="7">0</subfield>
   <subfield code="9">26605</subfield>
   <subfield code="a">000001</subfield>
   <subfield code="b">000001</subfield>
   <subfield code="d">2023-01-06</subfield>
   <subfield code="o">658.4 Ph513</subfield>
   <subfield code="p">MD.21012</subfield>
   <subfield code="r">2023-01-06</subfield>
   <subfield code="v">79000.00</subfield>
   <subfield code="w">2023-01-06</subfield>
   <subfield code="y">BK</subfield>
  </datafield>
  <datafield tag="952" ind1=" " ind2=" ">
   <subfield code="0">0</subfield>
   <subfield code="1">0</subfield>
   <subfield code="2">ddc</subfield>
   <subfield code="4">0</subfield>
   <subfield code="6">658_400000000000000_PH513</subfield>
   <subfield code="7">0</subfield>
   <subfield code="9">26606</subfield>
   <subfield code="a">000001</subfield>
   <subfield code="b">000001</subfield>
   <subfield code="d">2023-01-06</subfield>
   <subfield code="o">658.4 Ph513</subfield>
   <subfield code="p">MD.21013</subfield>
   <subfield code="r">2023-01-06</subfield>
   <subfield code="v">79000.00</subfield>
   <subfield code="w">2023-01-06</subfield>
   <subfield code="y">BK</subfield>
  </datafield>
  <datafield tag="952" ind1=" " ind2=" ">
   <subfield code="0">0</subfield>
   <subfield code="1">0</subfield>
   <subfield code="2">ddc</subfield>
   <subfield code="4">0</subfield>
   <subfield code="6">658_400000000000000_PH513</subfield>
   <subfield code="7">0</subfield>
   <subfield code="9">26607</subfield>
   <subfield code="a">000001</subfield>
   <subfield code="b">000001</subfield>
   <subfield code="d">2023-01-06</subfield>
   <subfield code="o">658.4 Ph513</subfield>
   <subfield code="p">MD.21014</subfield>
   <subfield code="r">2023-01-06</subfield>
   <subfield code="v">79000.00</subfield>
   <subfield code="w">2023-01-06</subfield>
   <subfield code="y">BK</subfield>
  </datafield>
  <datafield tag="952" ind1=" " ind2=" ">
   <subfield code="0">0</subfield>
   <subfield code="1">0</subfield>
   <subfield code="2">ddc</subfield>
   <subfield code="4">0</subfield>
   <subfield code="6">658_400000000000000_PH513</subfield>
   <subfield code="7">0</subfield>
   <subfield code="9">26608</subfield>
   <subfield code="a">000001</subfield>
   <subfield code="b">000001</subfield>
   <subfield code="d">2023-01-06</subfield>
   <subfield code="o">658.4 Ph513</subfield>
   <subfield code="p">MD.21015</subfield>
   <subfield code="r">2023-01-06</subfield>
   <subfield code="v">79000.00</subfield>
   <subfield code="w">2023-01-06</subfield>
   <subfield code="y">BK</subfield>
  </datafield>
  <datafield tag="952" ind1=" " ind2=" ">
   <subfield code="0">0</subfield>
   <subfield code="1">0</subfield>
   <subfield code="2">ddc</subfield>
   <subfield code="4">0</subfield>
   <subfield code="6">658_400000000000000_PH513</subfield>
   <subfield code="7">0</subfield>
   <subfield code="9">26609</subfield>
   <subfield code="a">000001</subfield>
   <subfield code="b">000001</subfield>
   <subfield code="d">2023-01-06</subfield>
   <subfield code="o">658.4 Ph513</subfield>
   <subfield code="p">MD.21016</subfield>
   <subfield code="r">2023-01-06</subfield>
   <subfield code="v">79000.00</subfield>
   <subfield code="w">2023-01-06</subfield>
   <subfield code="y">BK</subfield>
  </datafield>
  <datafield tag="952" ind1=" " ind2=" ">
   <subfield code="0">0</subfield>
   <subfield code="1">0</subfield>
   <subfield code="2">ddc</subfield>
   <subfield code="4">0</subfield>
   <subfield code="6">658_400000000000000_PH513</subfield>
   <subfield code="7">0</subfield>
   <subfield code="9">26610</subfield>
   <subfield code="a">000001</subfield>
   <subfield code="b">000001</subfield>
   <subfield code="d">2023-01-06</subfield>
   <subfield code="o">658.4 Ph513</subfield>
   <subfield code="p">MD.21017</subfield>
   <subfield code="r">2023-01-06</subfield>
   <subfield code="v">79000.00</subfield>
   <subfield code="w">2023-01-06</subfield>
   <subfield code="y">BK</subfield>
  </datafield>
  <datafield tag="952" ind1=" " ind2=" ">
   <subfield code="0">0</subfield>
   <subfield code="1">0</subfield>
   <subfield code="2">ddc</subfield>
   <subfield code="4">0</subfield>
   <subfield code="6">658_400000000000000_PH513</subfield>
   <subfield code="7">0</subfield>
   <subfield code="9">26611</subfield>
   <subfield code="a">000001</subfield>
   <subfield code="b">000001</subfield>
   <subfield code="d">2023-01-06</subfield>
   <subfield code="o">658.4 Ph513</subfield>
   <subfield code="p">MD.21018</subfield>
   <subfield code="r">2023-01-06</subfield>
   <subfield code="v">79000.00</subfield>
   <subfield code="w">2023-01-06</subfield>
   <subfield code="y">BK</subfield>
  </datafield>
  <datafield tag="980" ind1=" " ind2=" ">
   <subfield code="a">Thư viện Trường Đại học Nam Cần Thơ</subfield>
  </datafield>
 </record>
</collection>
